| 000 | 00611cam a22001694a 4500 | ||
|---|---|---|---|
| 020 | _a0080443516 | ||
| 050 | 0 | 0 |
_aTP339 _b.B53 2004 |
| 245 | 0 | 0 |
_aBioenergy options for a cleaner environment in developed and developing countries / _cedited by Ralph E.H. Sims ; foreword by Ali Sayigh. |
| 250 | _a1st ed. | ||
| 260 |
_aAmsterdam ; _aBoston : _bElsevier, _c2004. |
||
| 300 | _axiii, 184 p. : | ||
| 650 | 0 | _vChemical Technology | |
| 700 | 1 | _aSims, Ralph E. H. | |
| 856 | 4 | 1 | _uhttp://www.loc.gov/catdir/toc/els051/2003064378.html |
| 856 | 4 | 2 | _uhttp://www.loc.gov/catdir/description/els051/2003064378.html |
| 942 | _cGEN | ||
| 999 |
_c517 _d517 |
||